1134 1446 1720 1410 1424 1282 1259 1464 1553 1591 1148 1359 1655 1288 1884 1399 1265 1862 1689 1527 1391 1570 1164 1962 1089 1977 1594 1007 1172 1104 1176 1074 1347 1426 1207 1148 1764 1249 1753 1646 1762 1079 1958 1605 1382 1186 1211 2000 1196 1595 1380 1003 1462 1070 1462 1056 1339 1580 1222 1426 1894 1163 1874 1665 1589 1474 1002 1111 1730 1679 1899 1416 1871 1534 1181 1698 1573 1180 1023 1516 1104 1581 1468 1572 1875 1388 1987 1011 1801 1951 1505 1057 1509 1524 1082 1145 1030 1294 1418 BCNSPRNW ULIB Ver.6.0+V

เปลี่ยนเป็นภาษาไทย

Change to English
 แสดงรายละเอียดบรรณานุกรม
  กลับหน้าหลัก

Brief Record : Get Marc (ISO 2709) : E-mail record : QR code < ปิดหน้าต่าง
LEADER : 00000nam 2200000uu 4500
001    13399123140
003     ULIB
008    140402s||||||||th 000 0 tha d
020    9786169016205
050  4 HD85.T35 |b ท374
245 10 ทำไมต้องเศรษฐกิจสร้างสรรค์/ |c โดย ศุภวุฒิ สายเชื้อ ... [และคนอื่นๆ]
250    พิมพ์ครั้งที่ 2.
260    กรุงเทพฯ : |b ศูนย์สร้างสรรค์งานออกแบบ (TCDC), |c 2554.
300    31 หน้า : |b ภาพประกอบ ; |c 19 ซม.
650  4 การพัฒนาเศรษฐกิจ
700 0  ศุภวุฒิ สายเชื้อ
945    ^p180^l0^i034403
999    ^aเกษร โพธิ์สุวรรณ
รายการนี้ยังไม่มีแท็ก
คุณยังไม่ได้ล็อกอิน คุณสามารถมีกิจกรรมร่วมกับเว็บไซต์ได้ แต่ต้องล็อกอินก่อน ::
  ล็อกอิน

รายการสื่อสารสนเทศ

ลำดับที่ ประเภท เลขเรียก/บาร์โค้ด สถานที่ สถานะ
1. การศึกษาทั่วไป
หนังสือสำรอง
สถานะ=หนังสือสำรอง
HD85.T35 |b ท374 ฉ.1 
  Barcode: 034403
ห้องสมุดวิทยาเขตสวรรค์ประชารักษ์
►หนังสือทั่วไป
บนชั้น

รายการใกล้เคียง
    หัวเรื่อง [การพัฒนาเศรษฐกิจ]

BibComment


ยังไม่เคยถูกคอมเมนท์

คอมเมนท์ทรัพยากรรายการนี้
  คอมเมนท์: ทำไมต้องเศรษฐกิจส..


 Copyright 2026. Bcnsprnw @Library